000 00294nam a2200121 a 4500
001 000003311
005 20200929150418.0
008 090707s2008 000 spa d
020 _a9789945001273
245 0 _aCuentos infantiles. Tomo 2.
260 _aSanto Domingo,
_c2008.
999 _c3142
_d3142
040 _aDO-SdBNP